| 000 | 00638nam a22001817a 4500 | ||
|---|---|---|---|
| 003 | OSt | ||
| 005 | 20251214145913.0 | ||
| 008 | 251214b |||||||| |||| 00| 0 eng d | ||
| 020 | _a9781474258128 | ||
| 040 | _cn | ||
| 082 | _a720.28 B68 2021 | ||
| 100 | _aBottazzi, Roberto | ||
| 245 |
_aDigital Architecture Beyond Computers: Fragments of a Cultural History of Computational Design / _cRoberto Bottazzi. |
||
| 260 | _bLondon, United Kingdom. Bloomsbury Visual Arts (Bloomsbury Publishing PLC) 2021 | ||
| 300 | _a256 p. 23 cm. | ||
| 650 | _aHistory and theory of digital architecture and computational design. | ||
| 942 |
_2ddc _cBK-EN _n0 |
||
| 999 |
_c8323 _d8323 |
||